GUINNESS World Records 2008 (Record no. 134917)

MARC details
000 -LÍDER
campo de controle de tamanho fixo 00561 a2200193 4500
001 - NÚMERO DE CONTROLE
campo de controle 134917
020 ## - ISBN - INTERNATIONAL STANDARD BOOK NUMBER
ISBN - International Standard Book Number 978-85-0001-9784
040 ## - FONTE DA CATALOGAÇÃO
Instituição que transcreveu o registro Leonardo Da Vinci
041 ## - CÓDIGO DE IDIOMA
Código do idioma do texto/trilha sonora ou título diferente Português
082 ## - CDD - CLASSIFICAÇÃO DECIMAL DE DEWEY
Número de Classificação r001.9 G981g
Número do exemplar G981g
245 ## - TÍTULO
Título GUINNESS World Records 2008
250 ## - EDIÇÃO
Edição 2008
260 ## - PUBLICAÇÃO, DISTRIBUIÇÃO, ETC.
Nome do editor, distribuidor, etc. Ediouro
Data da publicação, distribuição, etc. 2007
Local de publicação, distribuição, etc. Rio de Janeiro
300 ## - DESCRIÇÃO FÍSICA
Extensão 286
362 ## - DATAS DE PUBLICAÇÃO E/OU DESIGNAÇÃO SEQUENCIAL
Datas de publicação e/ou designação sequencial 20070000
500 ## - NOTA GERAL
Nota geral Título original: The Guinness Book of records
-- Ana Carolina Mesquita e Gustavo Mesquita (Tradução)
697 ## - ENTRADA DE ASSUNTO LOCAL--ENTIDADE COLETIVA (RLIN)
Nome corporativo ou nome da jurisdição Referência
-- Anuário
-- Recordes
-- Curiosidades
942 ## - ELEMENTOS DE ENTRADA ADICIONADOS (KOHA)
Tipo de material Koha Livros
Holdings
Situação do descarte Situação das perdas Situação física Não pode ser emprestado Biblioteca de origem Biblioteca atual Data de aquisição Total de empréstimos Número de chamada completo Código de barras Data de último acesso Data do preço efetivo Tipo de material Koha
        Leonardo Da Vinci - Osasco Leonardo Da Vinci - Osasco 27/03/2024   r001.9 G981g O010265 27/03/2024 27/03/2024 Livros